Přehodit řeku /

Hlavní autor: Kučera, Ilja, 1962-
Další autoři: Hlavica, Lukáš, 1965-
Jazyk: Čeština
Vydáno: Praha : Tebenas, [2018]
Témata:
Fyzický popis: 1 audiodisk (7 hod., 53 min.) ; 12 cm
Zvukové nahrávky
Uloženo v:
LEADER 01530nim a2200469 i 4500
001 001663452
003 CZ BrMZK
005 20190306131911.0
007 sd fungnnmmned
008 190110t20182018xr ||nne f n cze
015 |a cnb003048800 
024 3 |a 8594177770269 
028 0 1 |a TBN026-2  |b Tebenas 
040 |a BOA001  |b cze  |e rda 
072 7 |a 821.162.3-3  |x Česká próza  |2 Konspekt  |9 25 
080 |a 821.162.3-31  |2 MRF 
080 |a (0:82-311.6)  |2 MRF 
080 |a (086.7)08  |2 MRF 
080 |a (086.76)  |2 MRF 
100 1 |a Kučera, Ilja,  |d 1962-  |7 ola2003165566  |4 aut 
245 1 0 |a Přehodit řeku /  |c Ilja Kučera ml. 
264 1 |a Praha :  |b Tebenas,  |c [2018] 
264 4 |c ℗2018 
300 |a 1 audiodisk (7 hod., 53 min.) ;  |c 12 cm 
306 |a 075300 
336 |a mluvené slovo  |b spw  |2 rdacontent 
337 |a audio  |b s  |2 rdamedia 
338 |a audiodisk  |b sd  |2 rdacarrier 
344 |a digital  |b optical  |2 rda 
347 |a audio soubor  |b MP3  |2 rda 
500 |a Název z disku 
511 0 |a Čte Lukáš Hlavica 
518 |o Nahráno  |d srpen 2018  |p studio Ateliér 
655 7 |a české romány  |7 fd133974  |2 czenas 
655 7 |a historické romány  |7 fd132414  |2 czenas 
655 7 |a audioknihy  |7 fd119452  |2 czenas 
655 7 |a kompaktní disky  |7 fd201991  |2 czenas 
700 1 |a Hlavica, Lukáš,  |d 1965-  |7 js20051017086  |4 nrt 
910 |a BOA001  |b CDR-1421.095 
990 |a AV 
991 |b 201903  |c NOV 
996 6 |b 2610767919  |c CDR-1421.095  |l MZK  |r Sklad / do 24 hodin  |n 0  |p p.v.  |w 001702970  |u 000010  |a 1  |e BOA001  |j MZK50  |s P